00403nam a22001097a 4500020000800000040001600008082002000024100002600044245014000070260005900210300002400269 qHB. cFIZZA ISHAQ a809.387203bDEA a DeAndrea, William L. aEncyclopedia mysteriosa : a comprehensive guide to the art of detection in print, film, radio, and television /c William L. DeAndrea. a New York :b Prentice Hall General Reference ,c1994. ax, 405 p. ; c25 cm